000 00320nam a22001097a 4500
008 110322t xxu||||| |||| 00| 0 eng d
050 _aBP172
_b.P76 [1991]
245 _aProcmura at 50
_cedited by Sigvard Von Sicard,David Bone andJohnson Mbillah
260 _aNairobi
_bProcmura
300 _a269p.
_c23cm
942 _2lcc
_cBK
999 _c38093
_d38093